Lincoln at Gettysburg : the words that remade America

Αποθηκεύτηκε σε:
Λεπτομέρειες βιβλιογραφικής εγγραφής
Κύριος συγγραφέας: Wills, Garry 1934-
Μορφή: Βιβλίο
Γλώσσα:English
Δημοσίευση: New York : Simon & Schuster, c1992
Θέματα:
Ετικέτες: Προσθήκη ετικέτας
Δεν υπάρχουν, Καταχωρήστε ετικέτα πρώτοι!

MARC

LEADER 00000nam a2200000 i 4500
001 1/55521
008 070920s1992 eng d
020 |a 978-0-7432-9963-3 (pbk.) 
020 |a 0-7432-9963-9 (pbk.) 
035 |l 10090887 
040 |a GR-MY-UA  |b gre  |e aacr 
041 0 |a eng 
082 0 |a 973.7  |2 (22) 
100 1 |a Wills, Garry  |d 1934- 
245 1 0 |a Lincoln at Gettysburg :  |b the words that remade America /  |c Garry Wills 
260 |a New York :   |b Simon & Schuster,   |c c1992 
300 |a 317 σ.;  |b εικ.;  |c 24 εκ. 
504 |a Βιβλιογραφία: σ. 267-304 
504 |a Ευρετήριο: σ. 311-317 
600 1 0 |a Lincoln, Abraham,   |d 1809-1865  |x Gettysburg address. 
600 1 0 |a Lincoln, Abraham,   |d 1809-1865  |x Oratory. 
852 |a INST  |b LESVOS  |e 20070920  |h 973.7 WIL  |p 005100040916  |q 005100040916  |t BK  |y 0 
901 |a BIBL1-2007-3 
909 |a Λ  |b 138859 
922 |a 1ΕΛΗ  |b 200708  |c ΕΠΕΑΕΚ2/ΤΚ  |d ΠΑΠΑΣΩΤΗΡΙΟΥ 
970 |a ΚΑΡΑ  |b ΓΙΑΣΕΜΗ  |z 2007/09/20